Voluntad de aprender : crítica de la razón escolar durante el capitalismo cognitivo /

Detalles Bibliográficos
Autor principal: Barragán Castrillón, Bernardo (Autor)
Formato: Electrónico eBook
Lenguaje:español
Publicado: Bogotá, Colombia : Editorial Aula de Humanidades, 2022.
Edición:Primera edición.
Colección:Colección Historia de la educación (Editorial Aula de Humanidades)
Materias:
Acceso en línea:Digitalia Hispánica

MARC

LEADER 00000nam a2200000Ii 4500
001 DIGAUHUM0104
003 NyNyDIG
006 m o d
007 cr |||||||||||
008 260205s2022 ck ob 001 0 spa d
035 |a (OCoLC)1573181929 
040 |a DGITA  |b eng  |e rda  |e pn  |c DGITA 
020 |a 9789585196414  |q (versión digital) 
020 |z 9789585196407  |q (versión impresa) 
050 1 4 |a LB1060 ebook 
100 1 |a Barragán Castrillón, Bernardo,  |e author. 
245 1 0 |a Voluntad de aprender :  |b crítica de la razón escolar durante el capitalismo cognitivo /  |c Bernardo Barragán Castrillón. 
246 3 0 |a Crítica de la razón escolar durante el capitalismo cognitivo 
250 |a Primera edición. 
264 1 |a Bogotá, Colombia :  |b Editorial Aula de Humanidades,  |c 2022. 
300 |a 1 online resource. 
336 |a text  |b txt  |2 rdacontent 
337 |a computer  |b c  |2 rdamedia 
338 |a online resource  |b cr  |2 rdacarrier 
347 |a text file  |2 rdaft 
347 |b PDF 
490 1 |a Colección Historia de la educación 
504 |a Includes bibliographical references and indexes. 
588 0 |a Online resource; title from PDF title page (Digitalia, viewed February 5, 2026) 
650 0 |a Learning. 
650 0 |a Education. 
791 2 |a Digitalia (Firm),  |e distributor. 
793 0 |g Digitalia eBook Collection:  |a Editorial Aula de Humanidades 
776 0 8 |i Print version:  |a Barragán Castrillón, Bernardo.  |t Voluntad de aprender.  |b Primera edición.  |d Bogotá, Colombia : Editorial Aula de Humanidades, 2022  |z 9789585196407 
830 0 |a Colección Historia de la educación (Editorial Aula de Humanidades) 
856 4 0 |3 Digitalia Hispánica  |u https://www.digitaliapublishing.com/a/182554/ 
910 |a Premium collection: 2026